Repka olejná si vyžaduje mimoriadnu starostlivosť

Podrobná bibliografia
Hlavný autor: Sekerková, Mária, 1947- (Autor)
Médium: Článok
Jazyk:slovenčina
Predmet:

MARC

LEADER 00000nab a2200000 a 4500
001 vtls000752171
003 SK-MaSNL
005 20260302192222.0
008 180205c2001 xo 0 slo
015 |a SNBRB2001/03-11764 
035 |a CLN000103961 
040 |a SNKBUCL  |b slo  |c SNKBUCL  |e AACR2 
041 0 |a slo 
044 |a xo  |c SK 
080 |a 633.853.492:632.9  |2 UDC-MRF-SK2 
080 |a 632.9  |2 UDC-MRF-SK2 
100 1 |a Sekerková, Mária,  |d 1947-  |4 aut  |9 206858 
245 1 0 |a Repka olejná si vyžaduje mimoriadnu starostlivosť  |c Mária Sekerková 
650 0 7 |a repka olejka  |x ochrana  |2 snkbucl  |9 909051 
655 7 |a články z novín a časopisov  |2 snkbucl  |9 267496 
773 0 |t Roľnícke noviny  |g Č. 38 (22.2.2001) 
773 0 |t [Príl.] Rastlinná výroba  |g S. 1 a 5 
850 |a Slovenská národná knižnica v Martine 
852 |a SNK  |b KIS3GCP 
958 |a RBX 
999 |c 1439950  |d 1441880